Normal view
MARC view
- Poesía épica griega
Entry Materia
001 - NÚMERO DE CONTROL DEL REGISTRO
- campo de control: 1233
003 - IDENTIFICADOR DE NUMERO DE CONTROL
- campo de control: UPN
005 - FECHA Y HORA DE LA ÚLTIMA TRANSACCIÓN
- campo de control: 20230317100035.0
008 - DATOS DE LONGITUD FIJA
- campo de control de longitud fija: 230317n||acnnnbabn | ana |d
035 ## - NÚMERO DE CONTROL DEL SISTEMA
- Número de control del sistema: UPN10000001233
040 ## - FUENTE DE LA CATALOGACIÓN
- Centro catalogador de origen: UPN
- Lengua de catalogación: spa
- Agencia de transcripción: UPN
046 ## - FECHAS CON CODIFICACIÓN ESPECIAL
- Fecha final para contenidos agregados: 2023
150 ## - ENCABEZAMIENTO - TEMÁTICO
- Término de materia o nombre geográfico como elemento inicial: Poesía épica griega
- Subdivisión de materia general: Historia y crítica
670 ## - FUENTE EN LA QUE SE LOCALIZARON DATOS
- Cita de la fuente: Autoridades Librunam, 17 marzo 2023:
- Información localizada: (Poesía épica griega -- Historia y crítica)
902 ## - CATALOGADOR
- Catalogador: MMA/220497
